Liberation management : necessary disorganization for the nanosecond nineties

Αποθηκεύτηκε σε:
Λεπτομέρειες βιβλιογραφικής εγγραφής
Κύριος συγγραφέας: Peters, Tom
Μορφή: Βιβλίο
Γλώσσα:English
Δημοσίευση: London : Pan Books, 1992
Θέματα:
Ετικέτες: Προσθήκη ετικέτας
Δεν υπάρχουν, Καταχωρήστε ετικέτα πρώτοι!

MARC

LEADER 00000nam a2200000 i 4500
001 1/57567
008 980515s1992 eng d
020 |a 0330330624 
035 |l 10028215 
040 |a GR-MY-UA  |b gre  |e aacr 
041 0 |a eng 
082 0 |a 658.4063 
100 1 |a Peters, Tom. 
245 1 0 |a Liberation management :  |b necessary disorganization for the nanosecond nineties /  |c Tom Peters 
260 |a London :   |b Pan Books,   |c 1992 
300 |a xxxii, 834 p. 
504 |a Includes index 
650 0 0 |a Organizational change. 
650 0 0 |a Organizational effectiveness. 
650 0 0 |a Teams in the workplace. 
650 0 0 |a Information technology. 
852 |a INST  |b CHIOS  |e 19980515  |h 658.4063 PET  |p 005200016518  |q 005200016518  |t BK  |y 0 
901 |a BIBL-1998-2 
909 |a Χ  |b 055144 
922 |a 2ΕΛΗ  |b 199805  |c ΤΔΕ  |d ΠΑΠΑΣΩΤΗΡΙΟΥ